<?xml version="1.0" encoding="UTF-8"?>
<record
    xmlns:xsi="http://www.w3.org/2001/XMLSchema-instance"
    xsi:schemaLocation="http://www.loc.gov/MARC21/slim http://www.loc.gov/standards/marcxml/schema/MARC21slim.xsd"
    xmlns="http://www.loc.gov/MARC21/slim">

  <leader>01594    a2200193   4500</leader>
  <datafield tag="020" ind1=" " ind2=" ">
    <subfield code="a">0387201564</subfield>
  </datafield>
  <datafield tag="040" ind1=" " ind2=" ">
    <subfield code="a">DLC</subfield>
    <subfield code="b">DLC</subfield>
  </datafield>
  <datafield tag="082" ind1="0" ind2="0">
    <subfield code="a">621.34</subfield>
  </datafield>
  <datafield tag="100" ind1="1" ind2=" ">
    <subfield code="a">Ida, Nathan.</subfield>
    <subfield code="9">109197</subfield>
  </datafield>
  <datafield tag="245" ind1="1" ind2="0">
    <subfield code="a">Engineering electromagnetics/</subfield>
    <subfield code="c">Nathan Ida.</subfield>
  </datafield>
  <datafield tag="250" ind1=" " ind2=" ">
    <subfield code="a">2nd ed.</subfield>
  </datafield>
  <datafield tag="260" ind1=" " ind2=" ">
    <subfield code="a">New York :</subfield>
    <subfield code="b">Springer,</subfield>
    <subfield code="c">2004.</subfield>
  </datafield>
  <datafield tag="300" ind1=" " ind2=" ">
    <subfield code="a">xvii, 1235 p. :</subfield>
    <subfield code="b">ill. ;</subfield>
    <subfield code="c">24 cm.</subfield>
  </datafield>
  <datafield tag="505" ind1="0" ind2=" ">
    <subfield code="a">1. Vector algebra -- 2. Vector calculus -- 3. Coulomb's law and the electric field -- 4. Gauss's law and the electric potential -- 5. Boundary value problems : analytic methods of solution -- 6. Boundary value problems : numerical (approximate) methods -- 7. The steady electric current -- 8. The static magnetic field -- 9. Magnetic materials and properties -- 10. Faraday's law and induction -- 11. Maxwell's equations -- 12. Electromagnetic waves and propagation -- 13. Reflection and transmission of plane waves -- 14. Theory of transmission lines -- 15. The Smith chart, impedance matching, and transmission line circuits -- 16. Transients on transmission lines -- 17. Waveguides and resonators -- 18. Antennas and electromagnetic radiation.</subfield>
  </datafield>
  <datafield tag="520" ind1="1" ind2=" ">
    <subfield code="a">"The book is a comprehensive two semester textbook. It is written with all details of derivations included and all steps in solutions listed. It requires little beyond basic calculus and can be used for self-study. The wealth of examples and alternative explanations makes it approachable by students."--BK JACKET.</subfield>
  </datafield>
  <datafield tag="650" ind1=" " ind2="0">
    <subfield code="a">Electromagnetic devices</subfield>
    <subfield code="x">Mathematical models.</subfield>
    <subfield code="9">109198</subfield>
  </datafield>
  <datafield tag="650" ind1=" " ind2="0">
    <subfield code="a">Electromagnetism</subfield>
    <subfield code="x">Mathematics.</subfield>
    <subfield code="9">2849</subfield>
  </datafield>
  <datafield tag="942" ind1=" " ind2=" ">
    <subfield code="c">BK</subfield>
    <subfield code="k">621.34 IDA</subfield>
    <subfield code="2">ddc</subfield>
  </datafield>
  <datafield tag="999" ind1=" " ind2=" ">
    <subfield code="c">4540</subfield>
    <subfield code="d">4540</subfield>
  </datafield>
  <datafield tag="952" ind1=" " ind2=" ">
    <subfield code="0">0</subfield>
    <subfield code="1">0</subfield>
    <subfield code="2">ddc</subfield>
    <subfield code="4">0</subfield>
    <subfield code="7">0</subfield>
    <subfield code="a">CL</subfield>
    <subfield code="b">CL</subfield>
    <subfield code="c">EE</subfield>
    <subfield code="d">2006-09-07</subfield>
    <subfield code="e">Progressive International Agencies</subfield>
    <subfield code="g">11179.97</subfield>
    <subfield code="l">2</subfield>
    <subfield code="o">621.3 IDA</subfield>
    <subfield code="p">SEECS007530</subfield>
    <subfield code="r">2014-08-27</subfield>
    <subfield code="s">2014-08-27</subfield>
    <subfield code="w">2017-01-05</subfield>
    <subfield code="y">BK</subfield>
  </datafield>
  <datafield tag="952" ind1=" " ind2=" ">
    <subfield code="0">0</subfield>
    <subfield code="1">0</subfield>
    <subfield code="2">ddc</subfield>
    <subfield code="4">0</subfield>
    <subfield code="7">0</subfield>
    <subfield code="a">CL</subfield>
    <subfield code="b">CL</subfield>
    <subfield code="c">EE</subfield>
    <subfield code="d">2006-09-07</subfield>
    <subfield code="e">Progressive International Agencies</subfield>
    <subfield code="g">11179.97</subfield>
    <subfield code="l">1</subfield>
    <subfield code="o">621.3 IDA</subfield>
    <subfield code="p">SEECS007527</subfield>
    <subfield code="r">2021-09-08</subfield>
    <subfield code="s">2014-01-22</subfield>
    <subfield code="w">2017-01-05</subfield>
    <subfield code="y">BK</subfield>
  </datafield>
  <datafield tag="952" ind1=" " ind2=" ">
    <subfield code="0">0</subfield>
    <subfield code="1">0</subfield>
    <subfield code="2">ddc</subfield>
    <subfield code="4">0</subfield>
    <subfield code="7">0</subfield>
    <subfield code="a">CL</subfield>
    <subfield code="b">CL</subfield>
    <subfield code="c">EE</subfield>
    <subfield code="d">2006-09-07</subfield>
    <subfield code="e">Progressive International Agencies</subfield>
    <subfield code="g">11179.97</subfield>
    <subfield code="o">621.3 IDA</subfield>
    <subfield code="p">SEECS007528</subfield>
    <subfield code="r">2012-11-14</subfield>
    <subfield code="w">2017-01-05</subfield>
    <subfield code="y">BK</subfield>
  </datafield>
  <datafield tag="952" ind1=" " ind2=" ">
    <subfield code="0">0</subfield>
    <subfield code="1">0</subfield>
    <subfield code="2">ddc</subfield>
    <subfield code="4">0</subfield>
    <subfield code="7">0</subfield>
    <subfield code="a">CL</subfield>
    <subfield code="b">CL</subfield>
    <subfield code="c">EE</subfield>
    <subfield code="d">2006-09-07</subfield>
    <subfield code="e">Progressive International Agencies</subfield>
    <subfield code="g">11179.97</subfield>
    <subfield code="o">621.3 IDA</subfield>
    <subfield code="p">SEECS007529</subfield>
    <subfield code="r">2012-11-14</subfield>
    <subfield code="w">2017-01-05</subfield>
    <subfield code="y">BK</subfield>
  </datafield>
  <datafield tag="952" ind1=" " ind2=" ">
    <subfield code="0">0</subfield>
    <subfield code="1">0</subfield>
    <subfield code="2">ddc</subfield>
    <subfield code="4">0</subfield>
    <subfield code="7">0</subfield>
    <subfield code="a">CL</subfield>
    <subfield code="b">CL</subfield>
    <subfield code="c">EE</subfield>
    <subfield code="d">2006-09-07</subfield>
    <subfield code="e">Progressive International Agencies</subfield>
    <subfield code="g">11179.97</subfield>
    <subfield code="l">1</subfield>
    <subfield code="o">621.3 IDA</subfield>
    <subfield code="p">SEECS007531</subfield>
    <subfield code="r">2014-01-20</subfield>
    <subfield code="s">2014-01-20</subfield>
    <subfield code="w">2017-01-05</subfield>
    <subfield code="y">BK</subfield>
  </datafield>
</record>
